[Event "Montevideo op 8th"]
[Site "Montevideo"]
[Date "2025.02.05"]
[Round "6"]
[White "Esteve, Federico"]
[Black "Martinez Tagliafico, Sergio"]
[Result "1-0"]
[WhiteElo "1946"]
[BlackElo "1831"]
[PlyCount "121"]
[EventDate "2025.01.31"]
[EventType "swiss"]
[EventRounds "9"]
[EventCountry "URU"]
[SourceTitle "CB08_2025"]
[SourceDate "2025.02.19"]
[SourceVersion "1"]
[SourceVersionDate "2025.02.19"]
[SourceQuality "1"]

1. d4 Nf6 2. c4 g6 3. Nc3 d5 4. cxd5 Nxd5 5. e4 Nxc3 6. bxc3 Bg7 7. Nf3 c5 8. Bb5+ Bd7 9. Be2 0-0 10. 0-0 cxd4 11. cxd4 Nc6 12. h3 Rc8 13. Rb1 b6 14. Ba6 Ra8 15. Be2 Qc7 16. Be3 Na5 17. Rc1 Qb7 18. d5 Rac8 19. Qd2 Rxc1 20. Rxc1 Rc8 21. Bd4 Rxc1+ 22. Qxc1 Qc8 23. Qxc8+ Bxc8 24. Bxg7 Kxg7 25. Nd4 Bd7 26. f4 Kf8 27. Kf2 Ke8 28. Ba6 Kd8 29. Nb5 Bxb5 30. Bxb5 Nb7 31. Ke3 Nc5 32. Kd4 Nd7 33. Be2 Kc7 34. e5 f6 35. Bd3 Nc5 36. Bc2 Nd7 37. g4 Nf8 38. h4 h6 39. e6 Kd6 40. Be4 a6 41. Bd3 g5 42. fxg5 fxg5 43. h5 Kc7 44. Ke5 b5 45. Be4 b4 46. Bd3 a5 47. Bc2 Kd8 48. d6 a4 49. Bxa4 Nh7 50. Bc2 Nf6 51. Bf5 Ne8 52. d7 Nf6 53. Kd4 Kc7 54. Kc5 Kd8 55. Kxb4 Nd5+ 56. Kc4 Ne3+ 57. Kd4 Nd1 58. a4 Nb2 59. a5 Kc7 60. Bc2 Kd8 61. Kc3 1-0

[Event "Montevideo op 8th"]
[Site "Montevideo"]
[Date "2025.02.03"]
[Round "4"]
[White "Esteve, Federico"]
[Black "Dominguez, Facundo"]
[Result "0-1"]
[WhiteElo "1946"]
[BlackElo "2159"]
[PlyCount "38"]
[EventDate "2025.01.31"]
[EventType "swiss"]
[EventRounds "9"]
[EventCountry "URU"]
[SourceTitle "CB08_2025"]
[SourceDate "2025.02.19"]
[SourceVersion "1"]
[SourceVersionDate "2025.02.19"]
[SourceQuality "1"]

1. d4 Nf6 2. c4 e6 3. Nc3 Bb4 4. e3 0-0 5. Bd2 b6 6. Nf3 Bb7 7. Rc1 d6 8. Bd3 Nbd7 9. 0-0 e5 10. dxe5 dxe5 11. Be2 Re8 12. Qc2 e4 13. Nd4 Bf8 14. Rcd1 c5 15. Nb3 Ne5 16. h3 Qc8 17. Bc1 Nf3+ 18. Kh1 Re5 19. Nd5 Bxd5 0-1

[Event "Montevideo op 8th"]
[Site "Montevideo"]
[Date "2025.02.01"]
[Round "2"]
[White "Esteve, Federico"]
[Black "Fabra, Nahiara"]
[Result "1-0"]
[WhiteElo "1946"]
[BlackElo "1792"]
[PlyCount "79"]
[EventDate "2025.01.31"]
[EventType "swiss"]
[EventRounds "9"]
[EventCountry "URU"]
[SourceTitle "CB08_2025"]
[SourceDate "2025.02.19"]
[SourceVersion "1"]
[SourceVersionDate "2025.02.19"]
[SourceQuality "1"]

1. d4 Nf6 2. Bf4 d5 3. Nf3 e6 4. e3 Bd6 5. Nbd2 Nbd7 6. Ne5 Qe7 7. c3 h6 8. Bd3 c5 9. h4 Bb8 10. Qf3 c4 11. Bc2 Nxe5 12. dxe5 Nd7 13. Qg3 g6 14. Nf3 Nc5 15. Rd1 b5 16. a3 a5 17. Nd4 Bd7 18. 0-0 Bc7 19. f3 Bd8 20. Qf2 Qxh4 21. Bg3 Qe7 22. Qd2 h5 23. e4 h4 24. Bf4 g5 25. Bh2 Bc7 26. Kh1 h3 27. g4 0-0-0 28. Qe2 Be8 29. Rfe1 Rh6 30. exd5 Rxd5 31. Nf5 exf5 32. Rxd5 Bc6 33. Bxf5+ Kb7 34. Rdd1 Ne6 35. Be4 Nc5 36. Bf5 Rh8 37. Bg1 Ne6 38. Be4 Nf4 39. Bxc6+ Kxc6 40. Qe4+ 1-0

[Event "Montevideo op 8th"]
[Site "Montevideo"]
[Date "2025.01.31"]
[Round "1"]
[White "Fauci, Bruno"]
[Black "Esteve, Federico"]
[Result "1-0"]
[WhiteElo "1654"]
[BlackElo "1946"]
[PlyCount "87"]
[EventDate "2025.01.31"]
[EventType "swiss"]
[EventRounds "9"]
[EventCountry "URU"]
[SourceTitle "CB08_2025"]
[SourceDate "2025.02.19"]
[SourceVersion "1"]
[SourceVersionDate "2025.02.19"]
[SourceQuality "1"]

1. Nf3 d5 2. b3 Nf6 3. Bb2 c6 4. g3 Bf5 5. Bg2 h6 6. d3 Nbd7 7. Nbd2 e6 8. 0-0 Be7 9. Re1 Bh7 10. e4 dxe4 11. dxe4 0-0 12. Qe2 a5 13. a3 Nc5 14. Rad1 Qc7 15. Ne5 Rfd8 16. Kh1 Bf8 17. f4 Nfd7 18. Qh5 Nxe5 19. Bxe5 Qe7 20. Nc4 Rxd1 21. Qxd1 Qe8 22. Bc7 a4 23. Nb6 Ra7 24. b4 Na6 25. Be5 Nb8 26. Bxb8 Qxb8 27. Nd7 Qc7 28. Nxf8 Kxf8 29. Qd4 Ra8 30. Rd1 Bg6 31. c4 Rc8 32. c5 f6 33. Qd7 Bf7 34. Bh3 Qxd7 35. Rxd7 Rb8 36. Kg2 Ke8 37. Rd6 Ke7 38. Kf3 e5 39. Rd7+ Ke8 40. fxe5 fxe5 41. Rc7 b6 42. Rxc6 bxc5 43. Rxc5 Rd8 44. Rc8 1-0

[Event "URU-ch sf"]
[Site "Montevideo"]
[Date "2024.02.10"]
[Round "2"]
[White "Carbone, Diego"]
[Black "Esteve, Federico"]
[Result "1-0"]
[WhiteElo "2275"]
[BlackElo "1952"]
[PlyCount "59"]
[EventDate "2024.02.09"]
[EventType "swiss"]
[EventRounds "7"]
[EventCountry "URU"]
[SourceTitle "CBM 218 Extra"]
[Source "ChessBase"]
[SourceDate "2024.03.31"]
[SourceVersion "1"]
[SourceVersionDate "2024.03.31"]
[SourceQuality "1"]

1. d4 d5 2. Nf3 Nf6 3. c4 c6 4. e3 e6 5. Nc3 Nbd7 6. Qc2 Bd6 7. Bd3 dxc4 8. Bxc4 b5 9. Be2 Bb7 10. 0-0 0-0 11. e4 e5 12. dxe5 Nxe5 13. Nh4 g6 14. f4 Bc5+ 15. Kh1 Neg4 16. e5 Nf2+ 17. Rxf2 Bxf2 18. Nf3 b4 19. Nd1 Bb6 20. exf6 Qxf6 21. Bd2 a5 22. Ne3 Qe7 23. Bc4 Rae8 24. Re1 Qe4 25. Qc1 Qxf4 26. Nd5 Rxe1+ 27. Nxe1 Qf2 28. Nd3 Qd4 29. Be3 Qe4 30. Nf6+ 1-0

[Event "URU-ch sf2"]
[Site "Colonia del Sacramento"]
[Date "2023.02.19"]
[Round "5"]
[White "Esteve, Federico"]
[Black "Kulik, Nicolas"]
[Result "1-0"]
[WhiteElo "1962"]
[BlackElo "1745"]
[PlyCount "119"]
[EventDate "2023.02.17"]
[EventType "swiss"]
[EventRounds "7"]
[EventCountry "URU"]
[SourceTitle "CBM 213 Extra"]
[Source "ChessBase"]
[SourceDate "2023.05.31"]
[SourceVersion "1"]
[SourceVersionDate "2023.05.31"]
[SourceQuality "1"]

1. d4 d5 2. Nc3 Nf6 3. Bf4 a6 4. e3 e6 5. Nf3 c5 6. Ne5 Nbd7 7. g4 Nxe5 8. Bxe5 Bd6 9. Bxd6 Qxd6 10. g5 Ng8 11. dxc5 Qxc5 12. Qd4 Qxd4 13. exd4 Bd7 14. 0-0-0 Ne7 15. Bd3 0-0-0 16. f4 h6 17. h4 hxg5 18. hxg5 Nc6 19. Ne2 Nb4 20. Kd2 Nxd3 21. cxd3 Kc7 22. Ng3 f6 23. Rxh8 Rxh8 24. Rh1 Rxh1 25. Nxh1 Kd6 26. Ke3 e5 27. dxe5+ fxe5 28. d4 e4 29. Ng3 g6 30. Kd2 Bg4 31. Nf1 Ke6 32. Ne3 Bh3 33. Kc3 Kd6 34. Kb4 b6 35. a4 Bd7 36. a5 b5 37. Kc3 Bc8 38. Nc2 Ke6 39. Nb4 Kf5 40. Nxd5 Bb7 41. Ne7+ Kxf4 42. Nxg6+ Kf3 43. Ne5+ Kf2 44. d5 Bxd5 45. Kd4 Bg8 46. Kxe4 Ke2 47. b4 Kd2 48. Kd4 Ba2 49. Nc6 Kc2 50. Nb8 Kb3 51. Kc5 Ka4 52. Nxa6 Be6 53. Nc7 Bd7 54. g6 Bf5 55. g7 Bh7 56. Nxb5 Bg6 57. g8R Bd3 58. Rg3 Kb3 59. Rxd3+ Ka4 60. Ra3# 1-0

[Event "URU-chTB"]
[Site "Montevideo"]
[Date "2018.07.08"]
[Round "4.22"]
[White "Esteve, Federico"]
[Black "Almandoz, Carlos"]
[Result "1-0"]
[WhiteElo "1939"]
[BlackElo "1798"]
[PlyCount "73"]
[EventDate "2018.07.06"]
[EventType "team-swiss"]
[EventRounds "5"]
[EventCountry "URU"]
[SourceTitle "EXT 2019"]
[Source "ChessBase"]
[SourceDate "2018.10.10"]
[SourceVersion "1"]
[SourceVersionDate "2018.10.10"]
[SourceQuality "1"]
[WhiteTeam "Solis de Pando"]
[BlackTeam "San Jose"]
[WhiteTeamCountry "URU"]
[BlackTeamCountry "URU"]

1. d4 Nf6 2. c4 e6 3. Nc3 Bb4 4. e3 0-0 5. Nge2 d5 6. a3 Be7 7. cxd5 exd5 8. Nf4 c6 9. Bd3 Bg4 10. f3 Bh5 11. Nxh5 Nxh5 12. 0-0 Bd6 13. g3 Qg5 14. e4 Bf4 15. Bxf4 Nxf4 16. Bc2 Nh3+ 17. Kg2 Nf4+ 18. Kh1 Nh3 19. f4 Qh6 20. Qg4 dxe4 21. Kg2 f5 22. Qxh3 Qd6 23. Rad1 Nd7 24. Qh5 g6 25. Qe2 Nf6 26. h3 Rac8 27. Bb3+ Kg7 28. Rd2 Rfd8 29. Rf2 b5 30. Nd1 a5 31. Ne3 Nh5 32. Qxh5 gxh5 33. Nxf5+ Kf8 34. Nxd6 e3 35. Nxc8 Rxc8 36. Rd3 exf2 37. Kxf2 1-0

[Event "URU-chTB"]
[Site "Montevideo"]
[Date "2018.07.07"]
[Round "2.12"]
[White "Esteve, Federico"]
[Black "Tardugno, Mathias"]
[Result "1-0"]
[WhiteElo "1939"]
[BlackElo "1810"]
[PlyCount "61"]
[EventDate "2018.07.06"]
[EventType "team-swiss"]
[EventRounds "5"]
[EventCountry "URU"]
[SourceTitle "EXT 2019"]
[Source "ChessBase"]
[SourceDate "2018.10.10"]
[SourceVersion "1"]
[SourceVersionDate "2018.10.10"]
[SourceQuality "1"]
[WhiteTeam "Solis de Pando"]
[BlackTeam "Udelar"]
[WhiteTeamCountry "URU"]
[BlackTeamCountry "URU"]

1. d4 d5 2. c4 e6 3. Nc3 Nf6 4. cxd5 exd5 5. Bg5 Be7 6. e3 0-0 7. Bd3 Nc6 8. Bxf6 Bxf6 9. Qh5 g6 10. Qxd5 Nb4 11. Qxd8 Nxd3+ 12. Kd2 Rxd8 13. Kxd3 c5 14. Nf3 Bg4 15. Ne2 Bf5+ 16. e4 Bg4 17. d5 b5 18. h3 Bc8 19. Rac1 Be7 20. Ne5 Bb7 21. Kc2 f5 22. f3 c4 23. Nd4 Bf6 24. Nec6 Re8 25. Rhe1 a6 26. Rcd1 fxe4 27. fxe4 Rf8 28. Re2 Rae8 29. e5 Bh4 30. e6 Bf2 31. d6 1-0

[Event "URU-chTB"]
[Site "Uruguay"]
[Date "2017.07.08"]
[Round "2.3"]
[White "Esteve, Federico"]
[Black "Gomez, Ignacio"]
[Result "1-0"]
[WhiteElo "1901"]
[BlackElo "1816"]
[PlyCount "115"]
[EventDate "2017.07.07"]
[EventType "team-swiss"]
[EventRounds "5"]
[EventCountry "URU"]
[SourceTitle "EXT 2018"]
[Source "ChessBase"]
[SourceDate "2017.10.13"]
[SourceVersion "1"]
[SourceVersionDate "2017.10.13"]
[SourceQuality "1"]
[WhiteTeam "Solis de Pando"]
[BlackTeam "La Proa II"]
[WhiteTeamCountry "URU"]
[BlackTeamCountry "URU"]

1. d4 e6 2. e4 d5 3. Bd3 dxe4 4. Bxe4 Nf6 5. Bf3 c5 6. Ne2 cxd4 7. Qxd4 Qxd4 8. Nxd4 a6 9. Nd2 Bc5 10. N4b3 Bd6 11. Nc4 Bc7 12. Be3 Nd5 13. Bxd5 exd5 14. Nb6 Bxb6 15. Bxb6 Bf5 16. 0-0-0 0-0 17. f3 Rc8 18. c3 Be6 19. Rhe1 Nc6 20. Bc5 a5 21. Bd6 b6 22. g4 a4 23. Nd4 Nxd4 24. Rxd4 Rc6 25. Ba3 Rc4 26. Red1 Rb8 27. h3 b5 28. f4 b4 29. Rxc4 dxc4 30. Bxb4 f6 31. Rd6 Kf7 32. f5 Bc8 33. Rd8 g6 34. Kd2 Ra8 35. Ke3 Rb8 36. h4 gxf5 37. gxf5 Ra8 38. h5 h6 39. Bf8 Bb7 40. Rxa8 Bxa8 41. Bxh6 Bg2 42. Bf4 Bf1 43. Kd4 Bd3 44. Kc5 a3 45. bxa3 Bxf5 46. Kxc4 Be6+ 47. Kb5 Bxa2 48. c4 Ke6 49. h6 Bb1 50. c5 Kd7 51. c6+ Kc8 52. a4 Bd3+ 53. Kb6 Bg6 54. a5 Bh7 55. a6 Be4 56. a7 Bxc6 57. Kxc6 f5 58. a8R# 1-0

[Event "Montevideo Metropolitano Stage 2"]
[Site "Montevideo"]
[Date "2013.08.24"]
[Round "2"]
[White "Roselli Mailhe, Bernardo"]
[Black "Esteve, Federico"]
[Result "1-0"]
[WhiteElo "2421"]
[BlackElo "1845"]
[PlyCount "45"]
[EventDate "2013.08.23"]
[EventType "swiss"]
[EventRounds "5"]
[EventCountry "URU"]
[SourceTitle "EXT 2022"]
[Source "ChessBase"]
[SourceDate "2021.10.06"]
[SourceVersion "1"]
[SourceVersionDate "2021.10.06"]
[SourceQuality "1"]

1. d4 e6 2. c4 f5 3. g3 Nf6 4. Bg2 d5 5. Nf3 c6 6. 0-0 Bd6 7. Bf4 Bxf4 8. gxf4 0-0 9. Nbd2 Ne4 10. e3 Bd7 11. Qb3 b6 12. Rad1 Bc8 13. Ne5 Nxd2 14. Rxd2 Bb7 15. Rc1 Nd7 16. Nf3 Qe7 17. cxd5 cxd5 18. Rc7 Rab8 19. Ne5 Rfd8 20. Rxb7 Rxb7 21. Nc6 Qe8 22. Nxd8 Qxd8 23. Bxd5 1-0

[Event "URU-ch sf"]
[Site "Montevideo"]
[Date "2013.02.12"]
[Round "9"]
[White "Esteve, Federico"]
[Black "Milan, Mathias"]
[Result "0-1"]
[WhiteElo "1913"]
[BlackElo "1951"]
[PlyCount "98"]
[EventDate "2013.02.08"]
[EventType "swiss"]
[EventRounds "9"]
[EventCountry "URU"]
[SourceTitle "EXT 2014"]
[Source "ChessBase"]
[SourceDate "2013.11.20"]
[SourceVersion "1"]
[SourceVersionDate "2013.11.20"]
[SourceQuality "1"]

1. c4 f5 2. g3 Nf6 3. Bg2 e6 4. d4 c6 5. Nf3 d5 6. 0-0 Bd6 7. b3 Qe7 8. Bb2 0-0 9. Qc1 b5 10. c5 Bc7 11. b4 a5 12. a3 Ng4 13. h3 Nf6 14. Nbd2 Bd7 15. Ne5 Ne4 16. Ndf3 Be8 17. Qc2 Na6 18. Bc3 a4 19. Bd2 h6 20. h4 g5 21. hxg5 hxg5 22. Nxg5 Nxg5 23. Qc1 Bxe5 24. dxe5 Nh7 25. Bh6 Bg6 26. Bxf8 Rxf8 27. f4 Bh5 28. Bf3 Qf7 29. Qe3 Qg6 30. Bxh5 Qxh5 31. Kg2 Rf7 32. Rh1 Qg6 33. Rh4 Rg7 34. Rah1 Nc7 35. Rh6 Qf7 36. Qd4 Kf8 37. e3 Ke7 38. R1h2 Nf8 39. Qd1 d4 40. Qxd4 Nd5 41. Kf3 Rg8 42. e4 fxe4+ 43. Qxe4 Kd7 44. g4 Rg7 45. f5 Rg5 46. f6 Kc7 47. Rh8 Rg8 48. Kf2 Kb8 49. R2h5 Nxf6 0-1

[Event "URU-ch sf"]
[Site "Montevideo"]
[Date "2013.02.11"]
[Round "7"]
[White "Larrea, Daniela"]
[Black "Esteve, Federico"]
[Result "1/2-1/2"]
[WhiteElo "1686"]
[BlackElo "1913"]
[PlyCount "75"]
[EventDate "2013.02.08"]
[EventType "swiss"]
[EventRounds "9"]
[EventCountry "URU"]
[SourceTitle "EXT 2014"]
[Source "ChessBase"]
[SourceDate "2013.11.20"]
[SourceVersion "1"]
[SourceVersionDate "2013.11.20"]
[SourceQuality "1"]

1. d4 e6 2. e3 f5 3. Bd3 Nf6 4. f4 d5 5. Nf3 Bd6 6. 0-0 0-0 7. c4 c6 8. c5 Bc7 9. Nc3 b6 10. b4 Nbd7 11. Bd2 Bb7 12. Ne5 Ne4 13. Nxd7 Qxd7 14. Nxe4 fxe4 15. Be2 bxc5 16. bxc5 a5 17. a4 Ba6 18. Bxa6 Rxa6 19. Rb1 Raa8 20. Qc2 Qe7 21. Rb7 g5 22. g3 gxf4 23. gxf4 Rf7 24. Be1 Kh8 25. Rf2 Rg8+ 26. Rg2 Rxg2+ 27. Kxg2 Rg7+ 28. Kh1 Qd8 29. Qf2 Qc8 30. Rb2 Bd8 31. Qf1 h6 32. h3 Kh7 33. Kh2 Qc7 34. Rg2 Qb7 35. Rxg7+ Kxg7 36. Qg2+ Kf7 37. Qc2 Qa6 38. Kg2 1/2-1/2

[Event "URU-ch sf"]
[Site "Montevideo"]
[Date "2013.02.10"]
[Round "5"]
[White "Visillac, Alejandro"]
[Black "Esteve, Federico"]
[Result "1-0"]
[WhiteElo "1794"]
[BlackElo "1913"]
[PlyCount "49"]
[EventDate "2013.02.08"]
[EventType "swiss"]
[EventRounds "9"]
[EventCountry "URU"]
[SourceTitle "EXT 2014"]
[Source "ChessBase"]
[SourceDate "2013.11.20"]
[SourceVersion "1"]
[SourceVersionDate "2013.11.20"]
[SourceQuality "1"]

1. e4 e6 2. d3 c5 3. Nf3 Nc6 4. g3 g6 5. Bg2 Bg7 6. c3 Nge7 7. 0-0 d5 8. Nbd2 Qc7 9. Re1 b6 10. Nf1 Bb7 11. Bf4 Qd7 12. e5 h6 13. h4 b5 14. d4 cxd4 15. cxd4 b4 16. Ne3 a5 17. Rc1 Rc8 18. Qd2 Ba6 19. Rc5 0-0 20. Ng4 Nf5 21. Nf6+ Bxf6 22. exf6 Qd8 23. g4 Nd6 24. Bxd6 Qxd6 25. Qxh6 1-0

[Event "URU-ch sf"]
[Site "Montevideo"]
[Date "2013.02.09"]
[Round "3"]
[White "Perez, Manuela"]
[Black "Esteve, Federico"]
[Result "0-1"]
[WhiteElo "1529"]
[BlackElo "1913"]
[PlyCount "112"]
[EventDate "2013.02.08"]
[EventType "swiss"]
[EventRounds "9"]
[EventCountry "URU"]
[SourceTitle "EXT 2014"]
[Source "ChessBase"]
[SourceDate "2013.11.20"]
[SourceVersion "1"]
[SourceVersionDate "2013.11.20"]
[SourceQuality "1"]

1. d4 e6 2. Nf3 f5 3. e3 Nf6 4. Bd3 d5 5. Nbd2 Bd6 6. b3 0-0 7. Bb2 Nbd7 8. 0-0 Ne4 9. Ne5 Qf6 10. f4 Qh6 11. Rf3 Nxe5 12. fxe5 Be7 13. Rh3 Qg6 14. Bxe4 fxe4 15. Rg3 Qf5 16. Qe2 Qf7 17. Rf1 Qe8 18. Qg4 Rxf1+ 19. Nxf1 Qf7 20. Qf4 Bd7 21. Qxf7+ Kxf7 22. Rg4 a5 23. a3 b5 24. Nd2 Rc8 25. Rf4+ Ke8 26. c4 c5 27. cxd5 exd5 28. Rf1 c4 29. Rc1 Bc6 30. Ra1 Bb7 31. bxc4 dxc4 32. Rc1 Bd5 33. Nf1 Kd7 34. Ng3 g6 35. Kf2 b4 36. axb4 axb4 37. Ne2 c3 38. Bxc3 bxc3 39. Rxc3 Rxc3 40. Nxc3 Ke6 41. g3 Bb4 42. Nxd5 Kxd5 43. g4 Bd2 44. h4 h5 45. gxh5 gxh5 46. Ke2 Bc1 47. Kf2 Ba3 48. Kg3 Be7 49. Kf4 Bxh4 50. Kf5 Be7 51. e6 h4 52. Kf4 Bf6 53. Kg4 Kxe6 54. Kh3 Kd5 55. Kg2 Bxd4 56. exd4 Kxd4 0-1